Thiết kế đường ô tô

Guardado en:
Detalles Bibliográficos
Autor principal: Dương, Học Hải
Formato: Libro
Lenguaje:Undetermined
Publicado: Hà Nội Giáo dục 2002
Materias:
Etiquetas: Agregar Etiqueta
Sin Etiquetas, Sea el primero en etiquetar este registro!
Thư viện lưu trữ: Trung tâm Học liệu Trường Đại học Cần Thơ
LEADER 00549nam a2200205Ia 4500
001 CTU_96120
008 210402s9999 xx 000 0 und d
020 |c 28000 
082 |a 625.725 
082 |b H103/T.4 
100 |a Dương, Học Hải 
245 0 |a Thiết kế đường ô tô 
245 0 |c Dương Học Hải 
260 |a Hà Nội 
260 |b Giáo dục 
260 |c 2002 
650 |a Roads 
650 |x Design and construction 
904 |i Truc 
980 |a Trung tâm Học liệu Trường Đại học Cần Thơ